|
|
|
|
| LEADER |
00685nab a2200193 i 4500 |
| 001 |
acta27255 |
| 005 |
20210223143005.0 |
| 008 |
161017s1985 hu o 0|| hun d |
| 022 |
|
|
|a 1219-0039
|
| 040 |
|
|
|a SZTE Egyetemi Kiadványok Repozitórium
|b hun
|
| 041 |
|
|
|a hun
|
| 100 |
1 |
|
|a Hajzer Lajos
|
| 245 |
1 |
0 |
|a Skvorcov Lev Ivanovič összeáll.
|h [elektronikus dokumentum] :
|b Osznovi kulturi recsi. Hresztomatyija /
|c Hajzer Lajos
|
| 260 |
|
|
|c 1985
|
| 300 |
|
|
|a 203-204
|
| 490 |
0 |
|
|a Módszertani közlemények
|v 25 No. 3
|
| 695 |
|
|
|a Neveléstudomány
|
| 700 |
0 |
1 |
|a Skvorcov Lev Ivanovič
|e aut
|
| 856 |
4 |
0 |
|u http://acta.bibl.u-szeged.hu/27255/1/modszertani_025_003_203-204.pdf
|z Dokumentum-elérés
|